Logo Biblioteca

Barbarie y memoria. (Registro nro. 200)

Detalles MARC
000 -LEADER
fixed length control field 01041nam a22001697a 4500
003 - CONTROL NUMBER IDENTIFIER
control field OSt
005 - DATE AND TIME OF LATEST TRANSACTION
control field 20240221094010.0
008 - FIXED-LENGTH DATA ELEMENTS--GENERAL INFORMATION
fixed length control field 240221s2000 ag ||||| |||| 00| 0 spa d
020 ## - INTERNATIONAL STANDARD BOOK NUMBER
International Standard Book Number 950860087
040 ## - CATALOGING SOURCE
Transcribing agency besoc
100 ## - MAIN ENTRY--PERSONAL NAME
Personal name Fingueret, Manuela
Relator term autor
245 ## - TITLE STATEMENT
Title Barbarie y memoria.
Remainder of title Fragmentos Literarios Del Holocausto y De La Dictadura Militar
Statement of responsibility, etc. Manuela Fingueret
260 ## - PUBLICATION, DISTRIBUTION, ETC.
Place of publication, distribution, etc. Buenos Aires:
Name of publisher, distributor, etc. Desde La Gente
Date of publication, distribution, etc. 2000
300 ## - PHYSICAL DESCRIPTION
Extent 127 p.
520 ## - SUMMARY, ETC.
Summary, etc. La Barbarie-Epilogo-En una tarde de sol-Un mismo mundo-De Aushwitz a la liberación-El rey de los judíos-Toso lo que hay que saber acerca de Adolph Eichman-Noche y Niebla-La linea blanca-Tu cuerpo en humo a través del aire-El cheque-Una temporada en el infierno-Sin titulo-Diario de Ana Frank-Amar a la Tora mas que a Dios-La noche-Nosotros, los sobrevivientes-El Girasol-Situaciones Limites-Cartas de Bergen a Belsen y los otros-Situaciones límite-El indice de la humanidad en lo humano-Himno de la juventud-Canto del hambre-Conclusión-El genocidio-La mano.
942 ## - ADDED ENTRY ELEMENTS (KOHA)
Source of classification or shelving scheme Universal Decimal Classification
Koha item type Libro de préstamo a domicilio
Suppress in OPAC No

No hay ítems disponibles.

Biblioteca de la Escuela Preuniversitaria en Ciencias Sociales y Humanísticas.
Riobamba 250 bis.
CP 2000 - Rosario - Santa Fe
E-Mail: biblioteca@esociales.unr.edu.ar